Miss Rhythm : (Record no. 5903)
[ view plain ]
| 000 -LEADER | |
|---|---|
| fixed length control field | 00904cam a22002532 4500 |
| 001 - CONTROL NUMBER | |
| control field | 0000002546 |
| 005 - DATE AND TIME OF LATEST TRANSACTION | |
| control field | 20151217151857.0 |
| 008 - FIXED-LENGTH DATA ELEMENTS--GENERAL INFORMATION | |
| fixed length control field | 070413s xx 000 0 eng d |
| 020 ## - INTERNATIONAL STANDARD BOOK NUMBER | |
| International Standard Book Number | 0306808889 : |
| Terms of availability | USD 15.95 |
| 040 ## - CATALOGING SOURCE | |
| Original cataloging agency | KABU |
| Transcribing agency | KABU |
| 050 #0 - LIBRARY OF CONGRESS CALL NUMBER | |
| Classification number | ML420 |
| Item number | .B819B76 1999 |
| 100 1# - MAIN ENTRY--PERSONAL NAME | |
| Personal name | Brown, Ruth, |
| Dates associated with a name | 1928-. |
| -- | 0000151934 |
| 245 10 - TITLE STATEMENT | |
| Title | Miss Rhythm : |
| Remainder of title | the autobiography of Ruth Brown, rhythm and blues legend / |
| Statement of responsibility, etc. | Ruth Brown; with Andrew Yule. |
| 260 ## - PUBLICATION, DISTRIBUTION, ETC. (IMPRINT) | |
| Place of publication, distribution, etc. | New York : |
| Name of publisher, distributor, etc. | Da Capo Press, |
| Date of publication, distribution, etc. | 1999. |
| 300 ## - PHYSICAL DESCRIPTION | |
| Extent | viii, 360 p. : |
| Other physical details | ill. ; |
| Dimensions | 24 cm. |
| 500 ## - GENERAL NOTE | |
| General note | Originally published: New York: D. I. Fine Books, 1996. |
| 504 ## - BIBLIOGRAPHY, ETC. NOTE | |
| Bibliography, etc | Discography: p. 344-350. |
| 650 #0 - SUBJECT ADDED ENTRY--TOPICAL TERM | |
| Topical term or geographic name as entry element | Singers |
| General subdivision | Biography |
| Geographic subdivision | United States. |
| -- | 0000151935 |
| 700 1# - ADDED ENTRY--PERSONAL NAME | |
| Personal name | Brown, Ruth, |
| Dates associated with a name | 1928-. |
| -- | 0000151934 |
| 700 1# - ADDED ENTRY--PERSONAL NAME | |
| Personal name | Yule, Andrew. |
| -- | 0000151936 |
| 908 ## - PUT COMMAND PARAMETER (RLIN) | |
| Put command parameter | 070413 |
| 950 ## - LOCAL HOLDINGS (RLIN) | |
| -- | 1 |
| Withdrawn status | Lost status | Source of classification or shelving scheme | Not for loan | Home library | Current library | Date acquired | Total Checkouts | Full call number | Barcode | Date last seen | Price effective from | Koha item type |
|---|---|---|---|---|---|---|---|---|---|---|---|---|
| Library of Congress Classification | Kabarak, Main Campus | Kabarak, Main Campus | 17/12/2015 | ML420 .B819B76 1999 | 007846 | 17/12/2015 | 17/12/2015 | General Collection |